Name a Valid Football Player - Statistics

General Stats
  • This quiz has been taken 104 times
  • The average score is 11 of 15
Answer Stats
Name a player that... Players % Correct
...scored more than 80 goals in a calendar year Lionel MessI | Gerd Müller
99%
...won a Ballon d'Or between 2000 and 2007 Luís Figo | Michael Owen | Ronaldo | Pavel Nedvěd | Andrij Shevchenko | Ronaldinho | Fabio Cannavaro | Kakà
99%
...scored at least 14 goals at the FIFA World Cup Miroslav Klose | Ronaldo | Gerd Müller
98%
...won at least 10 Bundesliga titles Thomas Müller | Manuel Neuer | Robert Lewandowski | David Alaba
91%
...scored in the 2018 FIFA World Cup final Mario Mandžukić | Antoine Griezmann | Paul Pogba | Kylian Mbappé | Ivan Perišić
89%
...scored more than 100 goals for their national team Cristiano Ronaldo | Lionel Messi | Ali Daei
84%
...won at least 6 UEFA Champions League Francisco Gento | Toni Kroos | Daniel Carvajal | Luka Modrić | Nacho
78%
...played at least 1,200 games Peter Shilton | Fábio | Cristiano Ronaldo | Paul Bastock | Rogério Ceni
74%
...played at least 40 matches for Leicester City in the 2015/16 season Marc Albrighton | Kasper Schmeichel | N'Golo Kanté
72%
...played for Juventus, Inter Milan and AC Milan in the 21st century Leonardo Bonucci | Andrea Pirlo | Zlatan Ibrahimović
68%
...scored in the last UEFA Champions League final Achraf Hakimi | Désiré Doué | Khvicha K'varatskhelia | Senny Mayulu
64%
...won at least 8 Ligue 1 titles Presnel Kimpembe | Marco Verratti | Marquinhos
60%
...won the Pichichi Trophy since 2021 Karim Benzema | Robert Lewandowski | Artem Dovbyk | Kylian Mbappé
55%
...scored more than 70 free kick goals Pelé | Juninho Pernambucano
46%
...won at least 5 FA Cups Ashley Cole | Petr Čech | John Terry | Patrick Vieira
33%
No matching quizzes found
Score Distribution
Percent of People with Each Score
Percentile by Number Answered
Your Score History
You have not taken this quiz